000 02476nam a2200289 a 4500
001 BRCA_2737
005 20190320203939.0
008 041208s1898----sp-a---###---#000-0#spa-u
041 _aspa
044 _asp
084 _a233
_b.S47
_c1898
100 1 _aCervantes Saavedra, Miguel de
_d1547-1616
_9213
245 1 0 _aEl Ingenioso Hidalgo Don Quijote de la Mancha
_ccompuesto por Miguel de Cervantes Saavedra.
260 _aBarcelona
_bFrancisco Seix
_c1898
300 _a2 v.
_bil. a color
_c22 cm
500 _aContenido : v 1. Primera parte. Proemio de Asensio. Dedicatoria de F. Seix. Tasa. Privilegio. Dedicatoria del autor. Prólogo del autor. Versos preliminares. Texto. -- v 2. Segunda parte. Dedicatoria del autor. Prólogo del autor. Texto
500 _aEdición : Lujosa edición con un proemio del Sr. José Ma. Asensio de la Real Academia y facsímil de varios documentos indefinidos relativos al autor. Ilustración en cromolitografía de J. Moreno Carbonero y D. L. Barrau cabecera e iniciales policromadas, de diferentes artistas. A. S. M. el Rey Don Alfonso XIII
500 _aHermosa edición de lujo. Se basa en el texto corregido por la Academia. Sírvele de introducción un prólogo del cervantista José Ma. Asensio. Este fantaseó mucho en lo referente a la vida de Cervantes, así como en lo que toca a la interpretación de su obra máxima. Aquí mismo, entre los documentos de poca monta, publicada la supuesta carta de Cervantes dirigida al Inquisidor General, Cardenal Sandoval de Rojas, carta hoy en definitiva reputada como falsa. Sin embargo, no todo fue fantasía. En dicho prólogo con acertada crítica deshace los argumentos del Sr. Ortego acerca de su ejemplar del Quijote supuestamente corregido por Cervantes en persona. La parte tipográfica es artística y de buen gusto. Unido a esto la belleza de las láminas de Moreno Carboreno y L. Barrau, la de las cabeceras e iniciales que la exornan, y el buen papel, hace que sea ésta una de las más bellas ediciones que se han publicado en el siglo XIX. Piel; lomos y planos decorados con adornos dorados Lúdovik Osterc
500 _aQM224
650 1 4 _aNovela española
_yÉpoca clásica, 1500-1700
_9215
650 1 4 _aLiteratura española
_yÉpoca clásica, 1500-1700
_9216
650 1 4 _aNovela española
_ySiglo XVII
_9217
650 1 4 _aDon Quijote (Personaje ficticio)
_eNovela
_9218
740 0 _aEl Ingenioso Hidalgo Don Quijote de la Mancha
902 _aQFM
942 _2lcc
_cB
999 _c2477
_d2477